COMPARATIVE OF THEANATOMY VERTEBRATES (Record no. 1958)

MARC details
000 -LEADER
fixed length control field 00441nam a22001817a 4500
003 - CONTROL NUMBER IDENTIFIER
control field OSt
005 - DATE AND TIME OF LATEST TRANSACTION
control field 20210903111342.0
008 - FIXED-LENGTH DATA ELEMENTS--GENERAL INFORMATION
fixed length control field 210903b |||||||| |||| 00| 0 eng d
020 ## - INTERNATIONAL STANDARD BOOK NUMBER
International Standard Book Number 0071181687
040 ## - CATALOGING SOURCE
Transcribing agency HU
082 ## - DEWEY DECIMAL CLASSIFICATION NUMBER
Edition number NINTH EDITION
Classification number 571.316/KEN
100 ## - MAIN ENTRY--PERSONAL NAME
Personal name C..KEM
9 (RLIN) 1617
245 ## - TITLE STATEMENT
Title COMPARATIVE OF THEANATOMY VERTEBRATES
250 ## - EDITION STATEMENT
Edition statement NINTH EDITION
260 ## - PUBLICATION, DISTRIBUTION, ETC.
Place of publication, distribution, etc. MC GRAW HILL
Name of publisher, distributor, etc. BOSTON
300 ## - PHYSICAL DESCRIPTION
Extent 524
942 ## - ADDED ENTRY ELEMENTS (KOHA)
Source of classification or shelving scheme Dewey Decimal Classification
Koha item type Books like text book referance book
Suppress in OPAC No
Holdings
Withdrawn status Lost status Source of classification or shelving scheme Damaged status Not for loan Home library Current library Date acquired Total Checkouts Full call number Barcode Date last seen Copy number Price effective from Koha item type Shelving location
    Dewey Decimal Classification     Natural & Computational Science Library Natural & Computational Science Library 09/03/2021   571.316/KEN NSCLIB00006225 09/03/2021 2 09/03/2021 Books like text book referance book  
    Dewey Decimal Classification     Natural & Computational Science Library Natural & Computational Science Library 10/04/2021   571.316/KEN/2001 NCSLIB00015620 10/04/2021 1 10/04/2021 Books like text book referance book General Stacks
    Dewey Decimal Classification     Natural & Computational Science Library Natural & Computational Science Library 10/04/2021   571.316/KEN/2001 NCSLIB00015621 10/04/2021 2 10/04/2021 Books like text book referance book General Stacks